[Event "GER-ch U08"]
[White "Mudriievskyi, Jan"]
[Black "Tomovski, Leon"]
[Site "Willingen"]
[Round "4"]
[Result "1/2-1/2"]
[Date "2024.05.23"]
[WhiteElo "1672"]
[BlackElo "1297"]
[PlyCount "138"]
[EventDate "2024.05.22"]
[EventType "swiss"]
[EventRounds "7"]
[EventCountry "GER"]
[SourceTitle "CBM 220 Extra"]
[Source "ChessBase"]
[SourceDate "2024.07.31"]
[SourceVersion "1"]
[SourceVersionDate "2024.07.31"]
[SourceQuality "1"]

1. e4 e6 2. d4 d5 3. exd5 exd5 4. c4 Nf6 5. Nc3 Bb4 6. Nf3 0-0 7. Be2 Ne4 8. Bd2 Nxd2 9. Qxd2 Nc6 10. 0-0 Re8 11. a3 Bf8 12. Nxd5 Be6 13. Nc3 Na5 14. Qc2 Nxc4 15. d5 Bxd5 16. Nxd5 Qxd5 17. Qxc4 Qd7 18. Rad1 Qf5 19. Bd3 Qh5 20. Rfe1 Bd6 21. Qb5 Qxb5 22. Bxb5 Rxe1+ 23. Rxe1 c6 24. Bc4 h6 25. g3 b5 26. Bb3 c5 27. Bd5 Rd8 28. Nd2 Bb8 29. Nf3 b4 30. axb4 cxb4 31. Ba2 a5 32. Ne5 Bxe5 33. Rxe5 a4 34. Bc4 Rd2 35. Ra5 Rxb2 36. Rxa4 Kf8 37. Ra7 f6 38. Rf7+ Kg8 39. Rxf6+ Kh8 40. Rb6 h5 41. Bd3 g5 42. Rb5 h4 43. Rxg5 hxg3 44. hxg3 b3 45. Rb5 Rd2 46. Rxb3 Rd1+ 47. Kg2 Ra1 48. g4 Ra4 49. f3 Kg7 50. Kg3 Kf6 51. f4 Kg7 52. g5 Rd4 53. Rb7+ Kf8 54. Bf5 Rd6 55. g6 Rf6 56. g7+ Kg8 57. Kg4 Rg6+ 58. Kh5 Rh6+ 59. Kg4 Rg6+ 60. Kf3 Rg3+ 61. Ke4 Re3+ 62. Kd4 Re4+ 63. Kc3 Rc4+ 64. Kb3 Rc3+ 65. Ka4 Ra3+ 66. Kb5 Ra5+ 67. Kb6 Rxf5 68. Kc6 Rxf4 69. Kd6 Rf7 1/2-1/2